000 00353nam a2200133Ia 4500
005 20260326100045.0
008 260326s9999||||xx |||||||||||||| ||und||
100 _aCrespo Rodas, Alberto
245 0 _aLa Ciudad de la Paz su Historia, su Cultura /
_cAlberto Crespo Rodas
260 _bEducacional
300 _a638 p.
650 _aURBANISMO
942 _cBK
999 _c7173
_d7173